Informe sobre desarrollo humano 2004

Guardado en:
Detalles Bibliográficos
Autores Corporativos: Programa de las Naciones Unidas para el Desarrollo (Autor), PNUD (Autor)
Formato: Libro
Lenguaje:español
Publicado: Madrid Mundi-Prensa 2004
Edición:1a. ed
Materias:
Etiquetas: Agregar Etiqueta
Sin Etiquetas, Sea el primero en etiquetar este registro!

MARC

LEADER 00000nam a2200000 a 4500
001 UCK0325
003 CL-VaPUC
008 041001e20040000SP |||||||||||||||||spa|d
020 |a 8484762084 
082 0 4 |a 338.9  |b PRO  |2 21 
110 2 |a Programa de las Naciones Unidas para el Desarrollo  |e author  |9 488230 
710 2 |a PNUD  |e author  |9 488231 
245 1 0 |a Informe sobre desarrollo humano 2004 
246 1 0 |a La libertad cultural en el mundo diverso de hoy 
250 |a 1a. ed 
300 |a 285 p 
942 |c BK 
945 |d 20041001 00:00:00  |a vberengu 
260 |a Madrid  |b Mundi-Prensa  |c 2004 
650 0 |a Política económica   |9 255029 
650 0 |a Desarrollo económico y social   |9 256320 
650 0 |a Condiciones económicas  |9 258255 
650 7 |a POLITICAS DE DESARROLLO  |2 CL-VaPUC  |9 345187 
583 |a last modification  |c 20041001 00:00:00  |k Rodrigo Vera 
999 |c 310793  |d 310791 
952 |0 0  |1 0  |4 0  |6 338_900000000000000_PRO_2004  |7 0  |8 F  |9 379797  |a BIBGIM  |b BIBGIM  |d 2019-11-21  |i 4044347  |o 338.9 PRO 2004  |p 4044347  |r 2025-01-15  |w 2019-11-21  |y BK_F  |k GIM